<?xml version="1.0" encoding="UTF-8"?>
<record
    xmlns:xsi="http://www.w3.org/2001/XMLSchema-instance"
    xsi:schemaLocation="http://www.loc.gov/MARC21/slim http://www.loc.gov/standards/marcxml/schema/MARC21slim.xsd"
    xmlns="http://www.loc.gov/MARC21/slim">

  <leader>00732nam a2200217Ia 4500</leader>
  <controlfield tag="005">20220512155233.0</controlfield>
  <controlfield tag="008">210716s2019    xx            000 0 und d</controlfield>
  <datafield tag="020" ind1=" " ind2=" ">
    <subfield code="a">9789353162399</subfield>
  </datafield>
  <datafield tag="040" ind1=" " ind2=" ">
    <subfield code="c">AIMIT LIBRARY</subfield>
  </datafield>
  <datafield tag="041" ind1=" " ind2=" ">
    <subfield code="a">eng</subfield>
  </datafield>
  <datafield tag="082" ind1=" " ind2=" ">
    <subfield code="a">382</subfield>
    <subfield code="2">11</subfield>
    <subfield code="b">HILC</subfield>
  </datafield>
  <datafield tag="100" ind1=" " ind2=" ">
    <subfield code="a">Hill, Charles W.L.</subfield>
    <subfield code="9">36468</subfield>
  </datafield>
  <datafield tag="245" ind1=" " ind2=" ">
    <subfield code="a">International business :</subfield>
    <subfield code="b">competing in the global marketplace /</subfield>
    <subfield code="c">By Charles W.L. Hill; G.Thomas M.Hult and Rohit Mehtani.</subfield>
  </datafield>
  <datafield tag="250" ind1=" " ind2=" ">
    <subfield code="a">11th ed.</subfield>
  </datafield>
  <datafield tag="260" ind1=" " ind2=" ">
    <subfield code="a">New Delhi :</subfield>
    <subfield code="b">Mc Graw Hill ,</subfield>
    <subfield code="c">2019.</subfield>
  </datafield>
  <datafield tag="300" ind1=" " ind2=" ">
    <subfield code="a">xlv,835p. ;</subfield>
    <subfield code="b">PB</subfield>
    <subfield code="c">23cm.</subfield>
  </datafield>
  <datafield tag="650" ind1=" " ind2=" ">
    <subfield code="a">National differences in economic development</subfield>
    <subfield code="9">36469</subfield>
  </datafield>
  <datafield tag="700" ind1=" " ind2=" ">
    <subfield code="a">Hult, G Thomas M.</subfield>
    <subfield code="9">36470</subfield>
  </datafield>
  <datafield tag="700" ind1=" " ind2=" ">
    <subfield code="a">Mehtani, Rohit.</subfield>
    <subfield code="9">36471</subfield>
  </datafield>
  <datafield tag="942" ind1=" " ind2=" ">
    <subfield code="2">ddc</subfield>
    <subfield code="c">BK</subfield>
    <subfield code="e">11th</subfield>
    <subfield code="k">382 HILC</subfield>
  </datafield>
  <datafield tag="999" ind1=" " ind2=" ">
    <subfield code="c">210929</subfield>
    <subfield code="d">210929</subfield>
  </datafield>
  <datafield tag="952" ind1=" " ind2=" ">
    <subfield code="0">0</subfield>
    <subfield code="1">0</subfield>
    <subfield code="2">ddc</subfield>
    <subfield code="4">0</subfield>
    <subfield code="7">0</subfield>
    <subfield code="8">MBA</subfield>
    <subfield code="a">AIMIT</subfield>
    <subfield code="b">AIMIT</subfield>
    <subfield code="d">2019-03-05</subfield>
    <subfield code="g">825.00</subfield>
    <subfield code="i">Bill no:417; Bill dt:2019-02-27</subfield>
    <subfield code="l">10</subfield>
    <subfield code="o">382 HILC</subfield>
    <subfield code="p">MBA13497</subfield>
    <subfield code="r">2026-05-23 00:00:00</subfield>
    <subfield code="s">2026-04-10</subfield>
    <subfield code="v">660.00</subfield>
    <subfield code="w">2021-07-16</subfield>
    <subfield code="y">BK</subfield>
  </datafield>
  <datafield tag="952" ind1=" " ind2=" ">
    <subfield code="0">0</subfield>
    <subfield code="1">0</subfield>
    <subfield code="2">ddc</subfield>
    <subfield code="4">0</subfield>
    <subfield code="7">0</subfield>
    <subfield code="8">MBA</subfield>
    <subfield code="a">AIMIT</subfield>
    <subfield code="b">AIMIT</subfield>
    <subfield code="d">2019-03-05</subfield>
    <subfield code="g">825.00</subfield>
    <subfield code="i">Bill no:417; Bill dt:2019-02-27</subfield>
    <subfield code="l">7</subfield>
    <subfield code="o">382 HILC</subfield>
    <subfield code="p">MBA13498</subfield>
    <subfield code="r">2026-05-23 00:00:00</subfield>
    <subfield code="s">2026-01-14</subfield>
    <subfield code="v">660.00</subfield>
    <subfield code="w">2021-07-16</subfield>
    <subfield code="y">BK</subfield>
  </datafield>
  <datafield tag="952" ind1=" " ind2=" ">
    <subfield code="0">0</subfield>
    <subfield code="1">0</subfield>
    <subfield code="2">ddc</subfield>
    <subfield code="4">0</subfield>
    <subfield code="7">0</subfield>
    <subfield code="8">MBA</subfield>
    <subfield code="a">AIMIT</subfield>
    <subfield code="b">AIMIT</subfield>
    <subfield code="d">2019-03-05</subfield>
    <subfield code="g">825.00</subfield>
    <subfield code="i">Bill no:417; Bill dt:2019-02-27</subfield>
    <subfield code="l">6</subfield>
    <subfield code="o">382 HILC</subfield>
    <subfield code="p">MBA13499</subfield>
    <subfield code="r">2026-05-23 00:00:00</subfield>
    <subfield code="s">2025-03-26</subfield>
    <subfield code="v">660.00</subfield>
    <subfield code="w">2021-07-16</subfield>
    <subfield code="y">BK</subfield>
  </datafield>
  <datafield tag="952" ind1=" " ind2=" ">
    <subfield code="0">0</subfield>
    <subfield code="1">0</subfield>
    <subfield code="2">ddc</subfield>
    <subfield code="4">0</subfield>
    <subfield code="7">0</subfield>
    <subfield code="8">MBA</subfield>
    <subfield code="a">AIMIT</subfield>
    <subfield code="b">AIMIT</subfield>
    <subfield code="d">2019-03-05</subfield>
    <subfield code="g">825.00</subfield>
    <subfield code="i">Bill no:417; Bill dt:2019-02-27</subfield>
    <subfield code="l">3</subfield>
    <subfield code="o">382 HILC</subfield>
    <subfield code="p">MBA13500</subfield>
    <subfield code="r">2026-05-23 00:00:00</subfield>
    <subfield code="s">2024-08-29</subfield>
    <subfield code="v">660.00</subfield>
    <subfield code="w">2021-07-16</subfield>
    <subfield code="y">BK</subfield>
  </datafield>
  <datafield tag="952" ind1=" " ind2=" ">
    <subfield code="0">0</subfield>
    <subfield code="1">0</subfield>
    <subfield code="2">ddc</subfield>
    <subfield code="4">0</subfield>
    <subfield code="7">0</subfield>
    <subfield code="8">MBA</subfield>
    <subfield code="a">AIMIT</subfield>
    <subfield code="b">AIMIT</subfield>
    <subfield code="d">2019-03-05</subfield>
    <subfield code="g">825.00</subfield>
    <subfield code="i">Bill no:417; Bill dt:2019-02-27</subfield>
    <subfield code="l">9</subfield>
    <subfield code="o">382 HILC</subfield>
    <subfield code="p">MBA13501</subfield>
    <subfield code="r">2026-05-23 00:00:00</subfield>
    <subfield code="s">2026-03-27</subfield>
    <subfield code="v">660.00</subfield>
    <subfield code="w">2021-07-16</subfield>
    <subfield code="y">BK</subfield>
  </datafield>
</record>
